Die 30 größten Städte Österreichs - Statistiken

Allgemein
  • Dieses Quiz wurde 239 mal gespielt
  • Das Durchschnittsergebnis liegt bei 19 aus 30
Antwortstatistiken
Hint Antwort % Korrekt
1. Wien
100%
2. Graz
98%
3. Linz
98%
4. Salzburg
98%
5. Innsbruck
95%
6. Klagenfurt
94%
14. Bregenz
87%
9. St. Pölten
87%
7. Villach
85%
10. Dornbirn
80%
11. Wiener Neustadt
77%
8. Wels
74%
13. Feldkirch
64%
12. Steyr
61%
20. Krems a. d. Donau
58%
18. Leoben
55%
27. Kufstein
52%
26. Mödling
51%
22. Amstetten
50%
25. Hallein
50%
17. Baden
48%
19. Wolfsberg
46%
16. Klosterneuburg
41%
23. Kapfenberg
39%
30. Braunau am Inn
38%
29. Schwechat
36%
21. Traun
35%
15. Leonding
33%
24. Lustenau
29%
28. Traiskirchen
16%
Keine übereinstimmenden Quizze gefunden
Verteilung der Resultate
Anzahl Personen mit jedem Resultat
Perzentil nach korrekt beantworteten Fragen
Ihre Resultats-Entwicklung
Sie haben dieses Quiz noch nicht gespielt